| 000 | 00721nam a2200241 a 4500 | ||
|---|---|---|---|
| 001 | 62374 | ||
| 003 | BD-RjUL | ||
| 005 | 20211209081056.0 | ||
| 008 | 170123s1950 au 000 0 ger d | ||
| 035 | _a(BD-RjUL)62500 | ||
| 035 | _a(OCoLC)10444832 | ||
| 040 |
_aDLC _cCSfSt _dCSfSt _dDLC _dBD-RjUL _beng |
||
| 041 | _aeng | ||
| 082 |
_a780.903 _223 _bEID 1950 |
||
| 100 | 1 |
_aEinstein, Alfred, _d1880-1952. _9185514 |
|
| 245 | 1 | 4 |
_aDie Romantik in der Musik / _c Alfred Einstein |
| 260 |
_aWien : _bBerglandverlag, _cc1950 |
||
| 300 |
_a434 p. ; _c25 cm. |
||
| 650 | 0 |
_aMusic _y19th century _xHistory and criticism. _9185515 |
|
| 650 | 0 |
_aRomanticism in music. _9185516 |
|
| 942 |
_2ddc _cBK |
||
| 999 |
_c62374 _d62374 |
||